• 首页
  • 本馆介绍
  • 公告通知
  • 最新文献
  • 馆藏检索
  • 电子资源
  • 读者导购
  • 参考咨询
  • 我的图书馆
  • 登录
  • 详细信息显示
  • 放入我的书架
  • 预约/预借图书
  • 作者相关作品
  • 分类相关作品
  • 丛书相关作品
  • 出版社相关作品

书目信息

  • 表格格式
  • 工作单格式
  • 卡片格式
题名:
社会主义民主政治的新发展
    
 
作者: 郭丹
分册:  
出版信息: 成都   四川人民出版社  2001
页数: 330
开本: 20cm
丛书名:
单 册:
中图分类: D046.1
科图分类:
主题词: 社会主义革命--理论 , 无产阶级专政--理论 , 社会主义革命--关系--无产阶级专政
电子资源:
ISBN: 7-220-05342-8
000 00620nam0 2200205 450
001 0760515518
005 20070817164835.51
010    @a7-220-05342-8@d¥18.00
100    @a20070817d km y0chiy0120 ea
101 0  @achi
200 1  @a社会主义民主政治的新发展@Ashe hui zhu yi min zhu zheng zhi de xin fa zhan@f郭丹等@Fguo dan deng
210    @a成都@c四川人民出版社@d2001
215    @a330@d20cm
606 0  @a社会主义革命@x理论
606 0  @a无产阶级专政@x理论
606 0  @a社会主义革命@x关系@x无产阶级专政
690    @aD046.1@v3
701  0 @a郭丹@Aguo dan
801  0 @aCN@bPFT@c20070817
905    @a213230@dD046.1@eg21@f1
    
    社会主义民主政治的新发展/郭丹等.-成都:四川人民出版社,2001
    330;20cm
    
    
    ISBN 7-220-05342-8:¥18.00
    
●
相关链接 在E读中查询图书 在五车中查询图书 在当当中查询图书 在豆瓣中查询图书


正题名:社会主义民主政治的新发展     索取号:D046.1/g21         预约/预借

序号 登录号 条形码 馆藏地/架位号 状态 备注
1 6500381   265003818   密集书库-海洋学院/ [索取号:D046.1/g21] 在馆    
唐山师范学院图书馆 欢迎您!
大连网信软件有限公司© 版权所有